000 00523nam a2200217Ia 4500
005 20250425162642.0
008 250425s9999 xx 000 0 und d
020 _a0444430245
041 _aeng
082 _a574.5
100 _aJORGENSEN, S.E.
245 0 _aPRINCIPLES OF ENVIRONMENTAL SCIENCE AND TECHNOLOGY
250 _a2 ED
260 _aEstados Unidos
_bELSEVIER SCIENCE
_c1989
260 _aNEW YORK
300 _a625
650 _aECOLOGIA
700 _aJOHNSEN, I.
942 _c01
010 _a94184
999 _c233654
_d233654